O ultimo imperador / (Record no. 47)

MARC details
000 -LÍDER
campo de controle de tamanho fixo 01090nam a22003137a 4500
001 - NÚMERO DE CONTROLE
campo de controle 47
003 - IDENTIFICADOR DO NÚMERO DE CONTROLE
campo de controle OSt
005 - DATA E HORÁRIO DA ÚLTIMA TRANSAÇÃO
campo de controle 20250207102558.0
008 - CAMPO DE DADOS FIXOS--INFORMAÇÃO GERAL
campo de controle de tamanho fixo 250122b |||||||e |||| 00| 0 eng d
020 ## - ISBN - INTERNATIONAL STANDARD BOOK NUMBER
ISBN - International Standard Book Number 8510321108
040 ## - FONTE DA CATALOGAÇÃO
Idioma da catalogação por
041 ## - CÓDIGO DE IDIOMA
Código do idioma do original e/ou traduções intermediárias do texto eng
Código do idioma do texto/trilha sonora ou título diferente por
082 ## - CDD - CLASSIFICAÇÃO DECIMAL DE DEWEY
Número de Classificação 920
Número do exemplar B421u
100 ## - ENTRADA PRINCIPAL--NOME PESSOAL
Nome pessoal Behr, Edward
Datas associadas ao nome 1926-2007
9 (RLIN) 137
240 ## - TÍTULO UNIFORME
Título uniforme The Last Emperor
245 ## - TÍTULO
Título O ultimo imperador /
Indicação de responsabilidade, etc. Behr, Edward ; Tradução de Luis Carlos do Nascimento Silva
250 ## - EDIÇÃO
Declaração de edição 2° edição
260 ## - PUBLICAÇÃO, DISTRIBUIÇÃO, ETC.
Local de publicação, distribuição, etc. Rio de Janeiro
Nome do editor, distribuidor, etc. Record
Data da publicação, distribuição, etc. 1987
300 ## - DESCRIÇÃO FÍSICA
Extensão 281 p.
520 ## - NOTA DE RESUMO, ETC.
Resumo, etc. Desengonçado, míope, assutadiço e irremediavelmente distraído. Um anti-herói moderno, dotado porém de grande resistência, determinação e sagacidade. Ele foi o último imperador da China. O livro que deu origem ao grande filme de Bernardo Bertolucci.
650 #0 - ASSUNTO--TERMO TÓPICO
Cabeçalho tópico ou nome geográfico Literatura Inglesa
9 (RLIN) 89
650 #0 - ASSUNTO--TERMO TÓPICO
Cabeçalho tópico ou nome geográfico Fatos Reais
9 (RLIN) 33
650 #0 - ASSUNTO--TERMO TÓPICO
Cabeçalho tópico ou nome geográfico Histórico
9 (RLIN) 53
650 #0 - ASSUNTO--TERMO TÓPICO
Cabeçalho tópico ou nome geográfico Politica
9 (RLIN) 138
650 #0 - ASSUNTO--TERMO TÓPICO
Cabeçalho tópico ou nome geográfico Filme
9 (RLIN) 26
655 #0 - TERMO DE ÍNDICE--GÊNERO E FORMA
Gênero/forma/ou termo foco Biografia
700 ## - ENTRADA ADICIONADA - NOME PESSOAL
Nome pessoal Luis Carlos do Nascimento Silva
Função do autor por extenso Tradutor
9 (RLIN) 139
942 ## - ELEMENTOS DE ENTRADA ADICIONADOS (KOHA)
Fonte de classificação ou esquema de arquivamento Classificação decimal de Dewey
Ocultar no OPAC Não
Tipo de material Koha Livros
Holdings
Situação do descarte Situação das perdas Fonte de classificação ou esquema de arquivamento Status danificado Não pode ser emprestado Coleção Biblioteca de origem Biblioteca atual Localização na estante Data de aquisição Fonte de aquisição Total de empréstimos Número de chamada completo Código de barras Data de último acesso Data do preço efetivo Tipo de material Koha
    Classificação decimal de Dewey     Biografia Biblioteca Professor Eduardo Afonso de Castro Biblioteca Professor Eduardo Afonso de Castro Literatura Estrangeira 16.08.1989 doação   920 / B421u 2025-8352 20.01.2025 20.01.2025 Livros

Powered by Koha